Operations and Supply Chain Management  17/e

Guardat en:
Dades bibliogràfiques
Autor principal: Jacobs
Format: Llibre
Publicat: MGH
Etiquetes: Afegir etiqueta
Sense etiquetes, Sigues el primer a etiquetar aquest registre!

MARC

LEADER 00000nam a2200000Ia 4500
005 20260513122055.0
020 |a 9789355325228 
100 |a Jacobs 
365 |c Rs. 
365 |b 25.00 
942 |c BK 
245 |a Operations and Supply Chain Management  17/e 
260 |b MGH 
999 |c 122  |d 122 
952 |0 0  |1 0  |4 0  |7 0  |a UNSW  |b UNSW  |d 2026-05-06  |g 1110.00  |i 16683  |l 0  |p 000056  |r 2026-05-13 12:20:55  |v 1110.00  |w 2026-05-13  |y BK